000 00617nam a2200229Ia 4500
003 BUBTL
008 151213s9999 xx 000 0 und d
020 _a0333271742
082 _a418.0076/ H2451a/ 1983
100 _aHarrison, Andrew
_94838
245 _aA Language Testing Handbook :
_cAndrew Harrison
250 _a1st Edn
260 _aLondon
_bMacmillan Publishers
_cc1983
300 _a144p. :
_b20 cm
500 _aInclude Index
650 _aEnglish
650 _a
700 _aAndrew Harrison
_94839
856 _k0
_l0
_yDownload
942 _2ddc
_cBK
999 _c4685
_d4685